Labour market theory : A constructive reassessment (Record no. 42245)

MARC details
000 -LEADER
fixed length control field 00310nam a2200121Ia 4500
020 ## - INTERNATIONAL STANDARD BOOK NUMBER
ISBN 0415166764
082 ## - DEWEY DECIMAL CLASSIFICATION NUMBER
Classification number 331.5
Item number FIN
100 ## - MAIN ENTRY--AUTHOR NAME
Personal name Fine, Ben
245 #0 - TITLE STATEMENT
Title Labour market theory : A constructive reassessment
260 ## - PUBLICATION, DISTRIBUTION, ETC. (IMPRINT)
Place of publication New York
Name of publisher Routledge
942 ## - ADDED ENTRY ELEMENTS (KOHA)
Koha item type Books
Holdings
Withdrawn status Lost status Damaged status Not for loan Home library Current library Date acquired Cost, normal purchase price Full call number Accession Number Koha item type
        RRII Library RRII Library 16/12/2021 85.00 331.5 FIN 22520 Books